Effect of Different Water Soluble Phosphorus Carriers on Winter Maize (Zea mays L.) Cultivars under Different Crop Densities (Record no. 50500)

MARC details
000 -LEADER
fixed length control field 00513nam a22001697a 4500
003 - CONTROL NUMBER IDENTIFIER
control field OSt
008 - FIXED-LENGTH DATA ELEMENTS--GENERAL INFORMATION
fixed length control field 260508b |||||||| |||| 00| 0 eng d
082 ## - DEWEY DECIMAL CLASSIFICATION NUMBER
Classification number 633.15
Item number A61E
100 ## - MAIN ENTRY--PERSONAL NAME
Personal name Prasad, Aniruddh
245 ## - TITLE STATEMENT
Title Effect of Different Water Soluble Phosphorus Carriers on Winter Maize (Zea mays L.) Cultivars under Different Crop Densities
260 ## - PUBLICATION, DISTRIBUTION, ETC. (IMPRINT)
Place of publication, distribution, etc Sabour, Bhagalpur
Name of publisher, distributor, etc Bihar Agricultuural College
Date of publication, distribution, etc 1987
300 ## - PHYSICAL DESCRIPTION
Extent 91P.
502 ## - DISSERTATION NOTE
Degree type Msc.
Year degree granted 1987
650 ## - SUBJECT ADDED ENTRY--TOPICAL TERM
Topical term or geographic name as entry element Agronomy
650 ## - SUBJECT ADDED ENTRY--TOPICAL TERM
Topical term or geographic name as entry element Msc.
942 ## - ADDED ENTRY ELEMENTS (KOHA)
Source of classification or shelving scheme
Koha item type Thesis
Holdings
Withdrawn status Lost status Source of classification or shelving scheme Damaged status Not for loan Home library Current library Date acquired Source of acquisition Total Checkouts Full call number Barcode Date last seen Bill Date Koha item type Bill Number
        Not For Loan Dr. Rajendra Prasad Central Agricultural University Pusa, Dr. Rajendra Prasad Central Agricultural University Pusa, 08/05/2026 By Authors   633.15 A61E 39770 08/05/2026 08/05/2026 Thesis Gift
Hosted, Implemented, Customized & Maintained by: BestBookBuddies

Powered by Koha